000 00358nam a2200157Ia 4500
003 Ost
005 20260225132559.0
008 260225s9999||||xx |||||||||||||| ||und||
040 _cfsic
041 _afre
082 _a302.23
100 _aPhillipe Bonfils
_eAuteur
245 0 _aDROIT PENAL DES AFFAIRE /
245 0 _cPhillipe Bonfils
942 _cكتاب
999 _c34637
_d34637